000 00551nam a2200229Ia 4500
003 OSt
005 20221005122802.0
006 a|||||r|||| 00| 0
007 ta
008 221004b |||||||| |||| 00| 0 kan d
024 _a61945
037 _cTextual
040 _aCRL
_cCRL
_bkan
041 _2kan
_akan
082 _aU.212, 33L8
100 _aAchyuta rao
_9632594
245 0 _aKarnataka bhoogola
260 _c1978
650 _aGEOGRAPHY
942 _hU.212, 33L8
_cTEXL
_2cc
999 _c1045355
_d1045355